[Event "Wch U18"]
[Site "Oropesa del Mar"]
[Date "1998.11.02"]
[Round "7"]
[White "Benkovic, Petar"]
[Black "Carton, Camille"]
[Result "1-0"]
[WhiteElo "2310"]
[BlackElo "2155"]

1.Nf3 d5 2.d4 c6 3.c4 Nf6 4.Qc2 a6 5.Nbd2 g6 6.g3 Bg7 7.Bg2 O-O 8.O-O Bf5
9.Qb3 b5 10.cxd5 cxd5 11.Ne5 Qd6 12.Ndf3 Qb6 13.Bf4 Rc8 14.Rfc1 Nc6 15.Nxc6 Rxc6
16.Rxc6 Qxc6 17.Rc1 Qb6 18.Be5 Rc8 19.Rxc8+ Bxc8 20.Qc3 Bb7 21.Bc7 Qe6 22.e3 Ne4
23.Qc2 Qc8 24.Ne1 e6 25.f3 Nf6 26.Ba5 Qxc2 27.Nxc2 Kf8 28.Kf2 Ke8 29.Ke2 Kd7
30.Kd3 Ne8 31.b3 Nd6 32.Nb4 Bc8 33.Bb6 Bf8 34.Nc2 Bb7 35.Bf1 Be7 36.Kc3 Kc6
37.Bc5 Nc8 38.Nb4+ Kc7 39.Nd3 Bg5 40.f4 Be7 41.g4 f6 42.h4 Bd6 43.g5 f5 44.Be2 Bc6
45.Kb4 Kb7 46.Bxd6 Nxd6 47.Nc5+ Kb6 48.Nxe6 Ne4 49.Nf8 a5+ 50.Ka3 Be8 51.Nxh7 Bf7
52.Kb2  1-0

[Event "Chigorin mem"]
[Site "St. Petersburg"]
[Date "1998.11.04"]
[Round "5"]
[White "Aseev, Konstantin N"]
[Black "Rusanov, Michail"]
[Result "0-1"]
[WhiteElo "2525"]
[BlackElo "2425"]

1.d4 d5 2.c4 c6 3.Nf3 Nf6 4.Qb3 dxc4 5.Qxc4 b5 6.Qc2 Bb7 7.e4 e6 8.Bd3 Nbd7
9.Nc3 b4 10.Na4 c5 11.dxc5 Rc8 12.Be3 Qa5 13.O-O Nxc5 14.Bxc5 Bxc5 15.Nxc5 Rxc5
16.Qe2 O-O 17.Nd2 Rc7 18.a3 Rd8 19.Nc4 Qg5 20.Rfd1 Rcd7 21.axb4 Nh5 22.Bc2 Nf4
23.Qf3 Rxd1+ 24.Rxd1 Rxd1+ 25.Bxd1 f5 26.Nd6 fxe4 27.Nxe4 Qe5 28.Bc2 Qxb2
29.Qd1 Qxb4 30.Qd8+ Qf8 31.Qc7 Qc8 32.Qxf4 Qxc2 33.f3 Qd1+ 34.Kf2 Qd4+ 35.Kg3 Bxe4
36.fxe4 Qc3+ 37.Kg4 Qb2 38.Kh3 h6 39.Qd6 Qb6 40.Qd7 a5 41.Qc8+ Kh7 42.Qc4 Qd6
43.g3 Qd7 44.e5 a4 45.Qe4+ g6 46.Qa8 h5 47.Qa6 Kg7 48.Qa8 g5 49.Qe4 Kh6 50.Qb4 Kg7
51.Kg2 g4 52.h3 Qc6+ 53.Kh2 Qc2+ 54.Kg1 Qd1+ 55.Kh2 Qe2+ 56.Kg1 Qe3+  0-1

[Event "Chigorin mem"]
[Site "St. Petersburg"]
[Date "1998.11.06"]
[Round "6"]
[White "Zayac, Elena"]
[Black "Rudyk, Igor"]
[Result "1/2-1/2"]
[WhiteElo "2305"]
[BlackElo "2250"]

1.d4 d5 2.c4 c6 3.Nf3 Nf6 4.Qb3 dxc4 5.Qxc4 Bf5 6.Nc3 e6 7.g3 Be7 8.Bg2 Nbd7
9.O-O O-O 10.e3 Ne4 11.Qe2 Nxc3 12.bxc3 Be4 13.Ne1 Bxg2 14.Nxg2 Qa5 15.Bd2 Nb6
16.e4 Rfd8 17.Rfb1 Rd7 18.Ne3 Qa4 19.Nd1 c5 20.Be3 Qc6 21.f3 Bf6 22.dxc5 Na4
23.Qc4 Be7 24.Rb5 a6 25.Rb4 Nxc5 26.a4 b5 27.axb5 axb5 28.Qxb5 Qc8 29.Rab1 h6
30.Nf2 Rc7 31.Qb8 Na4 32.Qxa8 Qxa8 33.Rb8+ Qxb8 34.Rxb8+ Kh7 35.c4 f6 36.Nd3 Rxc4
37.Re8 Ba3 38.Nf4 e5 39.Nd5 Bc5 40.Bxc5 Rxc5 41.Re7 Rc6 42.Ne3 Nc5 43.Nf5 Ne6
44.h4 h5 45.Kf2 Rb6 46.Rd7  1/2-1/2

[Event "Chigorin mem"]
[Site "St. Petersburg"]
[Date "1998.11.06"]
[Round "6"]
[White "Rustemov, Alexander"]
[Black "Evseev, Denis"]
[Result "1-0"]
[WhiteElo "2570"]
[BlackElo "2470"]

1.d4 d5 2.c4 c6 3.Nf3 Nf6 4.Qc2 dxc4 5.Qxc4 Bf5 6.g3 e6 7.Bg2 Nbd7 8.Nc3 Be7
9.O-O O-O 10.e3 Ne4 11.Nd2 Nxd2 12.Bxd2 e5 13.e4 Nb6 14.Qb3 Bg6 15.d5 cxd5
16.Nxd5 Nxd5 17.exd5 Qd7 18.Rfe1 f6 19.Rad1 Bd6 20.f4 Rae8 21.fxe5 fxe5 22.Be3 a6
23.Rf1 Rxf1+ 24.Rxf1 Qb5 25.Qxb5 axb5 26.Bh3 Bf7 27.Bd7 Ra8 28.Rc1 b4 29.Bc5 Bxc5+
30.Rxc5 Rd8 31.Bf5 Kf8 32.Be4 Ke7 33.Rb5 Rd7 34.Kf2 Kd6 35.Ke3 h6 36.Rxb4 Bxd5
37.a4 Bxe4 38.Kxe4 Rc7 39.Rb6+ Kc5 40.Rb5+ Kc4 41.b3+ Kc3 42.Kxe5  1-0

[Event "NRW-Liga I 9899"]
[Site "GER"]
[Date "1998.12.03"]
[Round "3"]
[White "Lemanczyk, Thomas"]
[Black "Gawehns, Klaus"]
[Result "1/2-1/2"]
[WhiteElo "2160"]
[BlackElo "2410"]

1.d4 d5 2.c4 c6 3.Nf3 Nf6 4.Qc2 g6 5.Bf4 Bg7 6.h3 O-O 7.e3 Na6 8.a3 c5 9.Nc3 Qa5
10.Be2 cxd4 11.exd4 dxc4 12.Bxc4 b5 13.Bxb5 Nd5 14.Bd2 Nxc3 15.Bc6 Nb4 16.Qxc3 Nxc6
17.Qxc6 Qb6 18.Qxb6 axb6 19.O-O  1/2-1/2

[Event "Autumn Int"]
[Site "Tel Aviv"]
[Date "1998.12.10"]
[Round "5"]
[White "Haimovich, Tal"]
[Black "Postniy, Evgeny"]
[Result "1/2-1/2"]
[WhiteElo "2280"]
[BlackElo "2260"]

1.d4 d5 2.c4 c6 3.Nf3 dxc4 4.a4 Nf6 5.Nc3 a5 6.e3 Bg4 7.Bxc4 e6 8.h3 Bh5
9.O-O Bb4 10.Qe2 O-O 11.Na2 Be7 12.Rd1 Ne4 13.Qc2 Bxf3 14.gxf3 Nf6 15.Nc3 Na6
16.Bf1 Qc7 17.f4 Nd5 18.Bg2 Nab4 19.Qe2 f5 20.Bd2 Kh8 21.Rac1 Qd7 22.Kh1 Rac8
23.Be1 Bd6 24.Nb1 Qe7 25.Nd2 Nb6 26.b3 Na2 27.Rc2 Nb4 28.Rcc1 Na2 29.Rc2 Nb4  1/2-1/2

[Event "Autumn Int"]
[Site "Tel Aviv"]
[Date "1998.12.11"]
[Round "6"]
[White "Yeke, Serkan"]
[Black "Postniy, Evgeny"]
[Result "0-1"]
[WhiteElo "2160"]
[BlackElo "2260"]

1.Nf3 d5 2.d4 c6 3.c4 dxc4 4.e3 Be6 5.Ne5 b5 6.a4 f6 7.Nf3 Nd7 8.axb5 cxb5
9.d5 Bf7 10.b3 Nb6 11.bxc4 bxc4 12.e4 e6 13.Ba3 Bxa3 14.Rxa3 exd5 15.exd5 Bxd5
16.Nc3 Qe7+ 17.Qe2 Kf7 18.Qxe7+ Nxe7 19.Be2 Bc6 20.O-O Rhd8 21.Rfa1 Rd7 22.Kf1 Ke8
23.g3 Rad8 24.Ke1 Nec8 25.R1a2 Re7 26.Nd2 Rd4 27.Kf1 Kd8 28.Nf3 Rdd7 29.Nd2 Rd4
30.Nf3 Rdd7 31.Nd2 Nd6 32.Ra5 Rc7 33.f3 Re3 34.Nd1 Ree7 35.Nc3 h6 36.Kf2 Kc8
37.Rc5 Nb7 38.Rf5 Nd6 39.Rc5 Nb7 40.Rf5 Bd7 41.Rf4 Nd6 42.Ra5 Re5 43.Rxe5 fxe5
44.Rf8+ Kb7 45.f4 exf4 46.Rxf4 a6 47.Ke1 Nb5 48.Ndb1 Be6 49.Kd2 Rd7+ 50.Ke3 Rf7
51.Re4 Bf5 52.Re5 Bxb1 53.Nxb1 Rc7 54.Kd2 c3+ 55.Kc1 Nd4 56.Bd3 Na4 57.Bc2 Nc5  0-1

[Event "Autumn Int"]
[Site "Tel Aviv"]
[Date "1998.12.12"]
[Round "8"]
[White "Yeke, Serkan"]
[Black "Bykhovsky, Avigdor"]
[Result "0-1"]
[WhiteElo "2160"]
[BlackElo "2455"]

1.Nf3 d5 2.d4 c6 3.c4 dxc4 4.a4 Nf6 5.Nc3 Bf5 6.e3 e6 7.Bxc4 Bb4 8.O-O O-O
9.Nh4 Nbd7 10.f3 Bg6 11.Na2 Be7 12.b4 a5 13.Nxg6 hxg6 14.b5 c5 15.Ba3 cxd4
16.Bxe7 Qxe7 17.Qxd4 Rfd8 18.Nc1 Rac8 19.Be2 Nc5 20.Qh4 Qd6 21.Qe1 Nd5 22.Qxa5 Nxe3  0-1

[Event "Gudmundur Arason op 4th"]
[Site "Hafnarfjordur"]
[Date "1998.12.19"]
[Round "6"]
[White "Raetsky, Alexander"]
[Black "Gunnarsson, Jon Viktor"]
[Result "1/2-1/2"]
[WhiteElo "2440"]
[BlackElo "2445"]

1.d4 d5 2.c4 c6 3.Nf3 Nf6 4.Qc2 g6 5.Bf4 Bg7 6.e3 Bf5 7.Qb3 Qb6 8.Nc3 Qxb3
9.axb3 O-O 10.h3 h6 11.c5 Nbd7 12.b4 g5 13.Bh2 a6 14.Be2 Ne4 15.O-O Rfe8
16.Rfd1 Bg6 17.Bf1 f5 18.Ne5 Nxe5 19.Bxe5 Bxe5 20.dxe5 Nxc3 21.bxc3 Bf7 22.f4 Be6
23.Kf2 Kf7 24.Be2 Rg8 25.Rg1 Ke8 26.g3 Kd7 27.Bd3 Raf8 28.Rg2 h5 29.Rag1 g4
30.hxg4 hxg4 31.Rh2 Rh8 32.Rgh1 Rxh2+ 33.Rxh2 Ra8 34.Rh1 Kc7 35.Ke2 a5 36.Ra1 a4
37.Ra3 Rh8 38.Rxa4 Rh2+ 39.Kf1 Rh1+ 40.Kf2 Rh2+ 41.Kf1 Rh1+ 42.Kg2 Rc1 43.Ra3 Kb8
44.Kf2 Kc7 45.Be2 Bc8 46.Bf1 Rc2+ 47.Be2 Rc1 48.Bd3 Be6 49.Be2 Bc8  1/2-1/2

[Event "Ambassador op"]
[Site "Bern"]
[Date "1998.12.29"]
[Round "5"]
[White "Rausis, Igors"]
[Black "Kiss, Pal"]
[Result "1/2-1/2"]
[WhiteElo "2535"]
[BlackElo "2435"]

1.d4 d5 2.Nf3 Nf6 3.c4 c6 4.Qc2 dxc4 5.e4 b5 6.b3 cxb3 7.axb3 e6 8.Bd2 a5
9.Bd3 h6 10.O-O Bb7 11.Qc1 Nbd7 12.Re1 Be7  1/2-1/2

[Event "Groningen op"]
[Site "Groningen"]
[Date "1998.12.30"]
[Round "10"]
[White "Meins, Gerlef"]
[Black "Wapner, Jonathan"]
[Result "1/2-1/2"]
[WhiteElo "2455"]
[BlackElo "2325"]

1.d4 d5 2.c4 c6 3.Nf3 Nf6 4.Qc2 dxc4 5.Qxc4 Bf5 6.Nc3 Nbd7 7.g3 e6 8.Bg2 Be7
9.O-O O-O 10.Bg5 Rc8 11.Qb3 Nb6 12.a4 Ne4 13.Bxe7 Qxe7 14.Rfd1 c5 15.Ne5 Nxc3
16.bxc3 cxd4 17.Rxd4 Qc7 18.e4 Bg6 19.Nxg6 hxg6 20.Rb4 Nc4 21.Rxb7 Na5 22.Rxc7 Nxb3
23.Rxc8 Rxc8 24.Rd1 Rxc3 25.Rd8+ Kh7 26.Rd7 a5 27.Bf1 Nc5 28.Rxf7 Nxa4 29.Ra7 Rc5
30.Bh3 e5 31.Bd7 Rc1+ 32.Kg2 Nc5 33.Bc6 a4 34.h4 Rc3 35.Bd5 a3 36.Ra8 Nd3
37.Bg8+ Kh8 38.Be6+ Kh7 39.Bg8+ Kh8 40.Bf7+ Kh7 41.Bg8+  1/2-1/2

[Event "Lohmar 9899"]
[Site "Lohmar"]
[Date "1998.12.30"]
[Round "5"]
[White "Tuerk, Alexander"]
[Black "Broehl, Stefan"]
[Result "1/2-1/2"]
[WhiteElo "2240"]
[BlackElo "2195"]

1.d4 c6 2.Nf3 d5 3.c4 Nf6 4.Nbd2 Bf5 5.g3 e6 6.Bg2 h6 7.O-O Bd6 8.b3 Nbd7
9.Bb2 O-O 10.h3 Qe7 11.Ne5 Rfd8 12.f4 Ne4 13.g4 Bh7 14.c5 Bxe5 15.fxe5 Qg5
16.Nxe4 Bxe4 17.Bc1 Qh4 18.Bf4 f5 19.exf6 Nxf6 20.Qe1 Qxe1 21.Raxe1 Rd7 22.Bxh6 Bxg2
23.Kxg2 Nxg4 24.hxg4 gxh6 25.Rf6 Rg7 26.Kh3 Kh7 27.Rxe6 Rf8 28.Rg1 Rf4 29.e3 Rf2
30.Kg3 Rgf7 31.Re7  1/2-1/2

[Event "AUT-chT2O 9798"]
[Site "Austria"]
[Date "1998.??.18"]
[Round "9"]
[White "Koutsin, Sergey"]
[Black "Stummer, Walter"]
[Result "1-0"]
[WhiteElo "2440"]
[BlackElo "2135"]

1.d4 d5 2.c4 c6 3.Nf3 dxc4 4.e3 b5 5.a4 e6 6.Nc3 b4 7.Nb1 Nf6 8.Bxc4 Be7
9.O-O O-O 10.Qe2 a5 11.Nbd2 Bb7 12.b3 c5 13.Bb2 Nbd7 14.Rfd1 Ra7 15.Rac1 Qa8
16.Bd3 Rc8 17.Bb5 Bd5 18.Re1 Ne4 19.Nc4 Bd8 20.Nfe5 Nb6 21.f3 Bxc4 22.Bxc4 Nd6
23.Bd3 Rac7 24.Ba6 Nb7 25.Qb5 cxd4 26.Qe8+  1-0

[Event "AUT-chT 9899"]
[Site "AUT"]
[Date "1998.??.??"]
[Round "?"]
[White "Freitag, Manfred"]
[Black "Teske, Henrik"]
[Result "0-1"]
[WhiteElo "2385"]
[BlackElo "2475"]

1.d4 d5 2.c4 dxc4 3.Nf3 c6 4.e3 Be6 5.a4 Nf6 6.Na3 Nbd7 7.Nxc4 Qc7 8.Bd3 Bxc4
9.Bxc4 e6 10.O-O Bd6 11.b3 O-O 12.Bb2 e5 13.h3 e4 14.Nd2 Rfe8 15.Qc2 Rad8
16.Rfc1 Bb4 17.Bc3 Qd6 18.Bxb4 Qxb4 19.a5 a6 20.Bf1 Qe7 21.b4 Nd5 22.Rab1 f5
23.Nb3 N7f6 24.Nc5 Rd6 25.Qb3 g5 26.Qa3 Red8 27.Bc4 Kh8 28.Kf1 f4 29.Ke2 g4
30.hxg4 fxe3 31.fxe3 Qg7 32.Kd2 Nxe3 33.Qxe3 Nxg4 34.Qe2 Rxd4+ 35.Ke1 Qg5
36.g3 Rd2 37.Qxe4 Ne3 38.Qf3 Qh6 39.Ne6 Ng2+ 40.Qxg2 Rxg2  0-1

[Event "Avoine op"]
[Site "Avoine"]
[Date "1998.??.??"]
[Round "?"]
[White "Peric, Slavisa"]
[Black "Perrin, Guillaume"]
[Result "1/2-1/2"]
[WhiteElo "2365"]
[BlackElo "2165"]

1.d4 d5 2.c4 c6 3.Nf3 Nf6 4.Qb3 Qb6 5.Nc3 dxc4 6.Qxc4 Bf5 7.g3 e6 8.Bg2 Nbd7
9.O-O Be7 10.a3 O-O 11.Nh4 Bg6 12.e4 Rac8 13.h3 c5 14.Nxg6 hxg6 15.Na4 Qa5
16.Nxc5 Nxc5 17.dxc5 Rxc5 18.Qe2 Qc7 19.Be3 Rc2 20.Rac1 Rc8 21.Rxc2 Qxc2
22.Qb5 Qc6 23.Qxc6 bxc6 24.Bxa7 c5 25.Rc1 Nd7 26.Rc4 e5 27.b4 Rc7 28.Bxc5 Nxc5
29.bxc5 Rxc5 30.Rxc5 Bxc5 31.a4 Kf8 32.Bf1 Ke7 33.h4 f5 34.Bd3 Kf6 35.a5 fxe4
36.Bxe4 g5 37.hxg5+ Kxg5 38.Kf1 Kf6 39.Ke2 Ke6 40.f3 Kd6 41.Kd3 Bb4 42.a6 Bc5
43.Bb7 Ba7 44.Ke4 Bb8 45.Kf5 Ke7 46.Kg6 Kf8 47.g4 Ba7 48.Kf5 Bd4 49.Ke6 Ke8
50.Be4 Kd8 51.Kf7 g5 52.Kf6 Be3 53.a7 Bxa7 54.Kxg5 Ke7 55.Kf5 Bd4 56.Bd5 Kf8
57.Kg6 Be3 58.Kf6 Bf4 59.Be4 Bg3 60.Bd5 Bf4 61.Kg6 Bc1 62.Bc4 Bd2 63.Kf6 Bf4
64.g5 Bc1 65.Bd5 Bd2 66.g6 Bh6 67.Kxe5 Bg7+ 68.Ke6 Ba1  1/2-1/2

[Event "Bayern-ch Bank Hofmann 2nd"]
[Site "Bad Wiesse"]
[Date "1998.??.??"]
[Round "4"]
[White "Gabriel, Christian"]
[Black "Ansell, Simon"]
[Result "1-0"]
[WhiteElo "2555"]
[BlackElo "2380"]

1.d4 d5 2.c4 c6 3.Nf3 Nf6 4.Qb3 dxc4 5.Qxc4 Bf5 6.g3 e6 7.Bg2 Be7 8.O-O O-O
9.Qb3 Qb6 10.Nbd2 Rd8 11.Nc4 Qa6 12.Nce5 Nbd7 13.Nxf7 Kxf7 14.Ng5+ Ke8 15.e4 h6
16.exf5 hxg5 17.Bxg5 Qb5 18.Qxe6 Nf8 19.Qe3 Kf7 20.Rfe1 Re8 21.Bf1 Qd5 22.Qc3 Ne4
23.Rxe4 Bxg5 24.Re5 Rxe5 25.dxe5 Ke8 26.Bg2 Qd7 27.Qf3 Qf7 28.h4 Bd8 29.Re1 Bc7
30.e6 Qe7 31.Qh5+ Kd8 32.Qh8 Bd6 33.h5 Qf6 34.h6 Qxh6 35.Qxh6 gxh6 36.f6 Nh7
37.e7+ Ke8 38.Re6 Nxf6 39.Rxf6 Kxe7 40.Rxh6 Rf8 41.Rh7+ Rf7 42.Rxf7+ Kxf7
43.Be4 Ke6 44.f4 a5 45.Kg2 a4 46.Kf3 Bc5 47.Bc2 Bd4 48.Bxa4 Bxb2 49.Bb3+ Kf6
50.g4 b5 51.g5+ Kg7 52.Be6 c5 53.Bd7 b4 54.Be6 Bc1 55.Bb3 Bd2 56.Kg4 Bc1
57.f5 Bb2 58.Bc4 Bc3 59.f6+ Kh8 60.Kf5 Ba1 61.g6  1-0

[Event "Bayern-ch Bank Hofmann 2nd"]
[Site "Bad Wiesse"]
[Date "1998.??.??"]
[Round "9"]
[White "Lisko, Frantisek"]
[Black "Schneider, Henning"]
[Result "1-0"]
[WhiteElo "2320"]
[BlackElo "2185"]

1.d4 d5 2.c4 c6 3.Nf3 Nf6 4.Qb3 dxc4 5.Qxc4 Bf5 6.Nc3 e6 7.g3 Nbd7 8.Bg2 Be7
9.O-O O-O 10.Re1 Ne4 11.Rd1 Rc8 12.Ne1 Ndf6 13.f3 Nxc3 14.bxc3 b5 15.Qb3 Qb6
16.e4 Bg6 17.Be3 c5 18.Rab1 a6 19.Bf1 Qc6 20.c4 b4 21.d5 exd5 22.cxd5 c4
23.Qxb4 Nxd5 24.exd5 Bxb4 25.dxc6 Bxb1 26.Rxb1 Bxe1 27.Rxe1 Rxc6 28.Rc1 c3
29.a4 c2 30.Kf2 Rb8 31.Bd3 Rb2 32.a5 Rb3 33.Be4 Rcc3 34.Bd4 Rb1 35.Rxb1 cxb1=Q
36.Bxb1 Rb3 37.Be4 Ra3 38.Bb6 Ra2+ 39.Ke3  1-0

[Event "Landesliga Sued 9899"]
[Site "Bayern"]
[Date "1998.??.??"]
[Round "?"]
[White "Lechtynsky, Jiri"]
[Black "Andersen, Jens Knud"]
[Result "1/2-1/2"]
[WhiteElo "2420"]
[BlackElo "2205"]

1.Nf3 d5 2.d4 Nf6 3.c4 c6 4.Qc2 e6 5.Bf4 Nbd7 6.e3 Be7 7.h3 O-O 8.Nc3 b6
9.cxd5 exd5 10.Be2 Bb7 11.O-O Re8 12.Rad1 Nf8 13.Ne5 Ne6 14.Bh2 a6 15.a3 Bd6
16.b4 a5 17.Qb3 axb4 18.axb4 Qe7 19.Rb1 Ra7 20.Ra1 Rea8 21.Rxa7 Rxa7 22.Rb1 h6
23.Kh1 Ng5 24.f3 Nd7 25.f4 Ne6 26.b5 Ra3 27.Qb2 cxb5 28.Nxb5 Rxe3 29.Nxd6 Qxd6
30.f5 Nxd4 31.Ng4 Rxe2 32.Bxd6 Rxb2 33.Rxb2 Nxf5 34.Bc7 d4 35.Bxb6 Nxb6 36.Rxb6 Bd5
37.Kg1 h5 38.Rb8+ Kh7 39.Rd8 Be6 40.Ne5 h4 41.Kf2 g5 42.Kf3 f6 43.Nc6 Kg6
44.Ke4 Bb3 45.Nxd4 Nxd4 46.Kxd4 Kf5 47.Rb8 Ba4 48.Rb6 Bc2 49.Rb2 Ba4 50.Kd5 Bd1
51.Rf2+ Kg6 52.Ke6 Bb3+ 53.Kd6 Bc4 54.Rd2 Kf5 55.Kc5 Bb3 56.Kd4 Be6 57.Rb2 Bd7
58.Rf2+ Ke6 59.Kc5 Ke5 60.Re2+ Kf4 61.Kd6 Bb5 62.Rf2+ Kg3 63.Rxf6 Kxg2 64.Rf5 Kxh3
65.Rxg5 Bf1 66.Ke5 Bg2 67.Kf4 Kh2 68.Ra5 Kg1 69.Ra1+ Bf1 70.Ra2 Bg2 71.Kg4 h3
72.Kg3 Bf1  1/2-1/2

[Event "Regionalliga NO9798"]
[Site "Bayern"]
[Date "1998.??.??"]
[Round "?"]
[White "Stephan, Eberhard"]
[Black "Schwarm, Werner"]
[Result "1/2-1/2"]
[WhiteElo "2150"]
[BlackElo "1920"]

1.d4 d5 2.c4 dxc4 3.Nf3 c6 4.a4 Bg4 5.Ne5 Bh5 6.Nc3 e6 7.f3 Nf6 8.h4 Nd5
9.g4 f6 10.Nxc4 Bf7 11.e4 Nb6 12.Be3 Bb4 13.Qb3 a5 14.O-O-O Nxc4 15.Bxc4 Qe7
16.g5 Nd7 17.Rhg1 O-O-O 18.Na2 Nb6 19.gxf6 gxf6 20.Bf1 Kc7 21.Kb1 e5 22.d5 Nxd5
23.exd5 Bxd5 24.Bc4 Bxf3 25.Rxd8 Rxd8 26.Nxb4 Qxb4 27.Rg7+ Kb8 28.Qxb4 axb4
29.Rg8 Rxg8 30.Bxg8 Be4+ 31.Kc1 Kc7 32.Bc5 Bg6 33.a5 Kd7 34.Bxb4 h5 35.Kd2 f5
36.Bc5 f4 37.Ba7 Kc7 38.Be6 Kd6 39.Bc4 Ke7 40.Bf1 Bf5 41.Bb8 Kf6 42.Bg2 Ke6
43.Bxc6 bxc6 44.a6 Be4 45.b4 Bd5 46.Bc7 f3 47.Bb6 c5 48.Bxc5 Bc6 49.Kc3 Kd5
50.Bf2 Bb5 51.a7 Bc6 52.b5 Bb7 53.Kb4 e4 54.Ka5 Kd6 55.Kb6 Ba8 56.Be3 Bd5
57.Bf4+ Kd7 58.Kc5 Ba8 59.Be3 Ke6 60.Kb6 Kd7 61.Ka6 Kc8 62.b6 Bb7+ 63.Kb5 Kd7
64.Kc5 Ke6 65.Kd4 Ba8 66.Bf2 Bb7 67.Bg3  1/2-1/2

[Event "Landesliga Sued9798"]
[Site "Bayern"]
[Date "1998.??.??"]
[Round "?"]
[White "Schneider, Richard"]
[Black "Zach, Andreas"]
[Result "0-1"]
[WhiteElo "2175"]
[BlackElo "2255"]

1.d4 d5 2.c4 c6 3.Nf3 Nf6 4.Qc2 g6 5.Bg5 Bg7 6.e3 Bf5 7.Qb3 Qb6 8.Qa3 Na6
9.Nc3 Nb4 10.O-O-O a5 11.Bxf6 Bxf6 12.Ne5 Bxe5 13.dxe5 O-O 14.Be2 dxc4 15.Bxc4 Qc5
16.Be2 Qxe5 17.g3 b5 18.Rd2 Rfc8 19.Rhd1 Nd5 20.Qc5 a4 21.Rd4 Qf6 22.e4 e5
23.R4d3 b4 24.exf5 bxc3 25.bxc3 Qxf5 26.c4 Rab8 27.Ra3 Qb1+ 28.Kd2 Qb2+ 29.Ke1 Nc3
30.Rd2 Qxd2+  0-1

[Event "Regionalliga SO9899"]
[Site "Bayern"]
[Date "1998.??.??"]
[Round "?"]
[White "Kislinger, Georg"]
[Black "Riehl, Joerg"]
[Result "0-1"]
[WhiteElo "2065"]
[BlackElo "1990"]

1.d4 d5 2.Nf3 Nf6 3.c4 c6 4.g3 Bf5 5.Bg2 e6 6.O-O h6 7.Nc3 Be7 8.Nd2 O-O
9.e4 dxe4 10.Ndxe4 Nbd7 11.Be3 Nxe4 12.Nxe4 Nf6 13.Nc3 Qd7 14.h3 Rfd8 15.Qb3 Rac8
16.Rfd1 b6 17.Rd2 Bd6 18.Rad1 Qe7 19.Qa4 Bb8 20.d5 exd5 21.cxd5 cxd5 22.Nxd5 Nxd5
23.Rxd5 Rxd5 24.Rxd5 Qe6 25.Qd4 Bxh3 26.Rd8+ Kh7 27.Be4+ Bf5 28.Rxc8 Qxc8
29.Qd3 Bxe4 30.Qxe4+ Kg8 31.Bd4 Bd6 32.Bc3 Bc5 33.Kg2 a6 34.Qd5 Qe8 35.Qf3 Qa4
36.a3 Qc4 37.Qa8+ Kh7 38.Qf3 Qe6 39.Qb7 b5 40.Qf3 Kg6 41.Qd3+ f5 42.f3 Qe3
43.Qxe3 Bxe3 44.b3 Kf7 45.f4 g6 46.a4 Ke6 47.Kf3 Bc5 48.g4 Kd5 49.Bg7 h5
50.gxh5 gxh5 51.axb5 axb5 52.Bf6 Bb4 53.Ke3 Bd6 54.Bg5 Kc5 55.Kd3 Kb4 56.Kc2 Bc5
57.Bh4 Ka3 58.Kc3 Be3 59.Bg5 Bf2 60.Be7+ Ka2 61.Kb4 h4 62.Bxh4 Bxh4 63.Kxb5 Bg3
64.Kc4 Bxf4 65.Kd5 Bb8 66.b4 f4  0-1

[Event "Bechhofen opJ "]
[Site "Bechhofen"]
[Date "1998.??.??"]
[Round "?"]
[White "Kustar, Sandor"]
[Black "Eiber, Manfred"]
[Result "0-1"]
[WhiteElo "2405"]
[BlackElo "2265"]

1.Nf3 d5 2.d4 c6 3.c4 Nf6 4.Qc2 e6 5.Nbd2 Bd6 6.g3 Nbd7 7.Bg2 O-O 8.O-O Re8
9.Rd1 Qc7 10.b3 b6 11.Bb2 Bb7 12.e4 Nxe4 13.Nxe4 dxe4 14.Qxe4 c5 15.Qc2 h6
16.dxc5 Bxc5 17.b4 Be7 18.Rac1 Rac8 19.Bd4 Red8 20.Qe2 Bf6 21.Be3 Ba6 22.b5 Bb7
23.Bf4 e5 24.Be3 Nc5 25.Bxc5 Qxc5 26.Nd2 Bxg2 27.Kxg2 Bg5 28.Ne4 Qe7 29.Rc2 Rxd1
30.Qxd1 Rd8 31.Qf3 Qb4 32.h4 Be7 33.Qf5 Qe1 34.Nc3 Bc5 35.Qe4 Qxe4+ 36.Nxe4 Rd4
37.g4 Rxe4  0-1

[Event "Bischwiller"]
[Site "Bischwiller"]
[Date "1998.??.??"]
[Round "6"]
[White "Ivanov, Mikhail M"]
[Black "Videki, Sandor"]
[Result "1/2-1/2"]
[WhiteElo "2440"]
[BlackElo "2430"]

1.d4 d5 2.c4 c6 3.Nf3 Nf6 4.Qc2 dxc4 5.Qxc4 Bf5 6.Bf4 e6 7.e3 Nbd7 8.Be2 Be7
9.O-O O-O 10.h3 Ne4 11.Nc3 Re8 12.Rfd1 Ndf6 13.Qb3 Qb6  1/2-1/2

[Event "Bled op"]
[Site "Bled"]
[Date "1998.??.??"]
[Round "5"]
[White "Kljako, Damir"]
[Black "Starc, Christian"]
[Result "1-0"]
[WhiteElo "2225"]
[BlackElo "2170"]

1.d4 d5 2.Nf3 c6 3.c4 dxc4 4.e3 b5 5.a4 e6 6.axb5 cxb5 7.b3 Bb4+ 8.Bd2 Bxd2+
9.Nbxd2 a5 10.bxc4 b4 11.Ne5 Nf6 12.Bd3 O-O 13.O-O Bb7 14.Qc2 Nc6 15.Nb3 Nxe5
16.dxe5 Ng4 17.h3 Nxe5 18.Bxh7+ Kh8 19.Be4 Bxe4 20.Qxe4 Qc7 21.Ra4 Nxc4 22.Rc1 Qd7
23.Nc5 Qb5 24.Qxc4 Qxc4 25.Rxc4 Rfc8 26.Rc1 Ra7 27.Nb3 Rc3 28.Rxc3 bxc3 29.Rxa5 Rb7
30.Nd4 Rb2 31.Rc5 e5 32.Nf3 c2 33.Kh2  1-0

[Event "Primavara"]
[Site "Bucharest"]
[Date "1998.??.??"]
[Round "3"]
[White "Ionescu, Cristian"]
[Black "Miroshnichenko, Evgenij"]
[Result "1-0"]
[WhiteElo "2495"]
[BlackElo "2455"]

1.Nf3 Nf6 2.c4 c6 3.d4 d5 4.Qc2 dxc4 5.Qxc4 Bf5 6.g3 e6 7.Bg2 Be7 8.O-O O-O
9.e3 Nbd7 10.Qe2 Bd6 11.Nbd2 Bg4 12.h3 Bh5 13.b3 a5 14.a3 Re8 15.Bb2 Qe7
16.Rfe1 Bxf3 17.Nxf3 e5 18.dxe5 Nxe5 19.Nd4 Bc5 20.Qc2 Bb6 21.Rad1 Rad8 22.Nf5 Qe6
23.Bd4 Bc7 24.f4 Ned7 25.e4 g6 26.Nh6+ Kg7 27.Ng4 Kg8 28.Nf2 Bb6 29.Qc3 Bxd4
30.Rxd4 c5 31.Rd3 Nb8 32.Red1 Nc6 33.Qxc5 Rxd3 34.Rxd3 Nh5 35.Bf1 Rc8 36.Qb6 Qe7
37.Be2 Nf6 38.e5 Ne8 39.Bg4 Rb8 40.Bd7 Rd8 41.Qxb7 Nb8 42.Bc8  1-0

[Event "Cannes op"]
[Site "Cannes"]
[Date "1998.??.??"]
[Round "4"]
[White "Kaabi, Mejdi"]
[Black "Lukasiewicz, Grzegorz"]
[Result "0-1"]
[WhiteElo "2330"]
[BlackElo "2370"]

1.d4 d5 2.c4 c6 3.Nf3 Nf6 4.Qc2 e6 5.Bg5 Nbd7 6.cxd5 exd5 7.Nc3 Be7 8.e3 Ne4
9.Bxe7 Qxe7 10.Nxe4 dxe4 11.Nd2 Nf6 12.Be2 O-O 13.O-O Re8 14.a3 Bf5 15.b4 Nd5
16.Rfc1 Qg5 17.Nf1 h5 18.Ng3 Bg6 19.Qd1 h4 20.Nh5 Re6 21.b5 Bf5 22.bxc6 bxc6
23.g3 Rh6 24.Rc5 g6 25.Nf4 hxg3 26.hxg3 Kg7 27.Nxd5 cxd5 28.Qf1 Rah8 29.Qg2 Bg4  0-1

[Event "Ceske Budejovice op"]
[Site "Ceske Budejovice"]
[Date "1998.??.??"]
[Round "?"]
[White "Konopka, Michal"]
[Black "Solodovnichenko, Yuri"]
[Result "1-0"]
[WhiteElo "2465"]
[BlackElo "2415"]

1.Nf3 Nf6 2.c4 c6 3.d4 d5 4.Qb3 g6 5.Bf4 Bg7 6.e3 O-O 7.Nc3 dxc4 8.Bxc4 b5
9.Be2 Be6 10.Qc2 b4 11.Na4 Bf5 12.Qb3 Nbd7 13.h3 Qa5 14.O-O Be6 15.Qc2 Rac8
16.Rac1 Bf5 17.Qb3 c5 18.Bc4 Ne4 19.g4 g5 20.Nxg5 Nd2 21.Bxf7+ Kh8 22.Qd1 Bd3
23.Qxd2 Bxf1 24.Be6 Qxa4 25.Bxd7 Qxd7 26.Qc2 Rf5 27.gxf5 h6 28.Nf7+ Kg8 29.Ne5 Bxe5
30.Bxe5 Bxh3 31.e4 Qe8 32.Qe2 cxd4 33.Rxc8 Qxc8 34.Qh5 Qc1+ 35.Kh2 Qg5 36.Qe8+  1-0

[Event "Chemnitz op"]
[Site "Chemnitz"]
[Date "1998.??.??"]
[Round "9"]
[White "Alienkin, Aleksander"]
[Black "Meduna, Eduard"]
[Result "1/2-1/2"]
[WhiteElo "2415"]
[BlackElo "2470"]

1.Nf3 d5 2.d4 Nf6 3.c4 c6 4.Qb3 dxc4 5.Qxc4 Bf5 6.Nc3 e6 7.Bg5 Be7 8.e3 Nbd7
9.Be2 h6 10.Bh4 Qb6 11.O-O-O Qb4 12.Qxb4 Bxb4 13.Bd3 Bxd3 14.Rxd3 O-O-O 15.Rhd1 Bd6
16.Bxf6 Nxf6 17.h3 Nd5 18.Ne4 Bc7 19.Rb3  1/2-1/2

[Event "Moravia-chT 9899"]
[Site "CZE"]
[Date "1998.??.??"]
[Round "2"]
[White "Tomecek, Jan"]
[Black "Moulis, Mojmir"]
[Result "1-0"]
[WhiteElo "2195"]
[BlackElo "2190"]

1.d4 d5 2.Nf3 Nf6 3.c4 c6 4.g3 g6 5.Bg2 Bg7 6.O-O O-O 7.Nc3 dxc4 8.Qc2 Na6
9.Bg5 Be6 10.Rfd1 Nb4 11.Qc1 Nbd5 12.Na4 Ne4 13.Nc5 Nxc5 14.dxc5 Qa5 15.e4 Nb4
16.Bxe7 Rfe8 17.Bd6 Nd3 18.Qe3 Nxb2 19.Rd2 c3 20.Rc2 Nc4 21.Qd3 Na3 22.Rcc1 Bc4
23.Qe3 c2 24.e5 Bd5 25.Nd2 Nb5 26.f4 b6 27.Rxc2 bxc5 28.Bxc5 Rad8 29.Ne4 Re6
30.a4 Rd7 31.Qe1 Qxe1+ 32.Rxe1 Nc7 33.Bxa7 f6 34.Nc5  1-0

[Event "CZE-chT 9899"]
[Site "CZE"]
[Date "1998.??.??"]
[Round "3"]
[White "Konopka, Michal"]
[Black "Jirovsky, Milos"]
[Result "1/2-1/2"]
[WhiteElo "2465"]
[BlackElo "2435"]

1.d4 d5 2.Nf3 Nf6 3.c4 c6 4.Qb3 dxc4 5.Qxc4 Bf5 6.Nc3 e6 7.g3 Be7 8.Bg2 Nbd7
9.O-O O-O 10.Bg5 Ne4 11.Bxe7 Qxe7 12.Rfd1 Rfd8 13.Nh4 Nd6 14.Nxf5 exf5 15.Qb3 Nf6
16.e3 Nde4 17.Qc2 Rd7 18.Re1 g6 19.Rad1 Rad8 20.Na4 h5 21.a3 Kg7 22.f3 Ng5
23.Nc5 Rd6 24.b4  1/2-1/2

[Event "Moravia-chT 9899"]
[Site "CZE"]
[Date "1998.??.??"]
[Round "4"]
[White "Vavra, Pavel"]
[Black "Muzik, Martin"]
[Result "1/2-1/2"]
[WhiteElo "2340"]
[BlackElo "2270"]

1.Nf3 d5 2.d4 Nf6 3.c4 c6 4.Qc2 a6 5.Bf4 e6 6.e3 Bd6 7.Bxd6 Qxd6 8.Nbd2 O-O
9.Bd3 Nbd7 10.O-O Rd8 11.Rac1 Nf8 12.a3 Bd7 13.Rfd1 Rac8 14.b4 b5 15.c5 Qc7
16.Nb3 Be8 17.Ne5 N6d7 18.Nxd7 Rxd7 19.Ra1 f6 20.a4 e5 21.Bf5 Bg6 22.axb5 axb5
23.Ra6 Qd8 24.Rda1 Rdc7 25.h3 Qe8 26.Ra7 Bxf5 27.Qxf5 Qg6 28.Qxg6 Nxg6 29.R1a6 e4
30.Na5 Ne7 31.Nb7 Rb8 32.Na5 Rbc8 33.Nb7 Rb8 34.Nd6 Rxa7 35.Rxa7 Kf8 36.h4 g6
37.g4 Rd8  1/2-1/2